Air pollutuion and plant biotechnology: Prospects for phytomonitoring and phytoremediation (Record no. 42984)

MARC details
000 -LEADER
fixed length control field 00597nam a2200205Ia 4500
020 ## - INTERNATIONAL STANDARD BOOK NUMBER
ISBN 8181283783
082 ## - DEWEY DECIMAL CLASSIFICATION NUMBER
Classification number 573.6+614.7
Item number OMA
100 ## - MAIN ENTRY--AUTHOR NAME
Personal name Omasa, K
245 #0 - TITLE STATEMENT
Title Air pollutuion and plant biotechnology: Prospects for phytomonitoring and phytoremediation
260 ## - PUBLICATION, DISTRIBUTION, ETC. (IMPRINT)
Place of publication Tokyo
Name of publisher Springer Verlag
Year of publication 2002
650 ## - SUBJECT ADDED ENTRY--TOPICAL TERM
Topical Term Air pollutant
650 ## - SUBJECT ADDED ENTRY--TOPICAL TERM
Topical Term Environmental management
650 ## - SUBJECT ADDED ENTRY--TOPICAL TERM
Topical Term Gas exchange
650 ## - SUBJECT ADDED ENTRY--TOPICAL TERM
Topical Term Gene expression
650 ## - SUBJECT ADDED ENTRY--TOPICAL TERM
Topical Term Gene manipulation
650 ## - SUBJECT ADDED ENTRY--TOPICAL TERM
Topical Term Ozone resistance
650 ## - SUBJECT ADDED ENTRY--TOPICAL TERM
Topical Term Transgenic plants
942 ## - ADDED ENTRY ELEMENTS (KOHA)
Koha item type Books
Holdings
Withdrawn status Lost status Damaged status Not for loan Home library Current library Date acquired Cost, normal purchase price Full call number Accession Number Koha item type
        RRII Library RRII Library 16/12/2021 895.00 573.6+614.7 OMA 23248 Books